Historia de los estilos artísticos
Guardat en:
| Autor principal: | |
|---|---|
| Format: | Llibre |
| Idioma: | espanyol |
| Publicat: |
Barcelona
Labor S. A
1943
|
| Edició: | 4a. ed |
| Col·lecció: | Colección Labor. Sección 4 Artes Plásticas, 42-43
|
| Matèries: | |
| Etiquetes: |
Afegir etiqueta
Sense etiquetes, Sigues el primer a etiquetar aquest registre!
|
MARC
| LEADER | 00000cam a2200000 a 4500 | ||
|---|---|---|---|
| 001 | UCF8692 | ||
| 003 | CL-VaPUC | ||
| 008 | 130930e19430000sp |||||||||||||||||spa|d | ||
| 082 | 0 | 4 | |a 720.9 |b HAR |2 21 |
| 100 | 0 | |a Hartmann, Karl D |e author |9 570839 | |
| 245 | 1 | 0 | |a Historia de los estilos artísticos |
| 250 | |a 4a. ed | ||
| 300 | |a 370 p | ||
| 942 | |c BK | ||
| 945 | |d 20130930 13:19:00 |a dcastane | ||
| 260 | |a Barcelona |b Labor S. A |c 1943 | ||
| 650 | 0 | |a Historia de la arquitectura |9 266241 | |
| 650 | 7 | |a ESTILOS ARQUITECTONICOS |2 CL-VaPUC |9 372532 | |
| 583 | |a last modification |c 20130930 13:19:00 |k Rodrigo Vera | ||
| 490 | 0 | |a Colección Labor. Sección 4 Artes Plásticas, 42-43 | |
| 999 | |c 353258 |d 353256 | ||
| 952 | |0 0 |1 0 |3 erd |4 0 |6 720_900000000000000_HAR_1943 |7 0 |8 A |9 458376 |a BIBART |b BIBART |d 2019-11-23 |i 5010594 |o 720.9 HAR 1943 |p 5010594 |r 2025-03-13 |w 2019-11-23 |y BK |z Catalogado en:20130930 |k ART | ||